000 00194nam a2200073Ia 4500
008 170817s9999 xx 000 0 und d
100 _aCHAURASIYA
245 0 _aPARYAVARAN SIKSHA KE MOOL TATTVA
260 _bSAHITYA PRAKASHAN AGRA
999 _c36342
_d36342